Elle et l'autre - JUL - Statistiques

Statistiques générales
  • Ce quiz a été pris 213 fois
  • Le résultat moyen est 258 sur 337
Statistiques - réponses
Réponse % Correct
Elle
100%
elle
100%
la
99%
c'
98%
à
96%
a
96%
L'autre
95%
l'autre
95%
qu'
93%
se
93%
au
91%
son
91%
sent
90%
qui
90%
sent
90%
des
87%
c'est
86%
donne
84%
est
84%
fini
84%
larmes
84%
le
83%
charme
81%
fait
81%
abandonnée
80%
beauté
80%
Pas
80%
pas
80%
tout
80%
me
78%
peut
78%
sort
78%
celle
77%
et
77%
sa
77%
bouche
76%
d'la
76%
ses
76%
bon
75%
donner
75%
en
75%
douche
74%
sentie
74%
s'est
72%
J'aime
71%
les
71%
quand
71%
aux
70%
bords
70%
pour
70%
Pour
70%
sans
70%
T-Max
70%
va
70%
vie
70%
qu'elle
69%
rouge
69%
lèvre
68%
préfère
67%
shit
67%
boule
66%
copain
66%
fièvre
66%
non
66%
quitte
66%
boit
65%
J'l'aime
65%
l'alcool
65%
Maman
65%
pleure
65%
fume
64%
naturelle
64%
Fiat
63%
500
62%
location
62%
galère
61%
l'occasion
61%
parler
61%
veut
61%
vierge
61%
chez
60%
dans
60%
garçon
60%
mon
60%
aime
59%
Alice
59%
belle
59%
Pays
59%
s'met
59%
ans
58%
bien
58%
daron
58%
faire
58%
m'dit
58%
Merveilles
58%
trop
58%
cavaler
57%
jogging
57%
retournée
57%
rien
57%
valeur
57%
voir
57%
foutre
56%
un
56%
avoir
55%
cent
55%
l'air
55%
Mais
55%
m'gratte
55%
souvent
55%
énervé
54%
parloirs
54%
bastons
53%
garant
53%
jeune
53%
Papa
53%
paye
53%
reste
53%
s'entretient
53%
c'moment
52%
dettes
52%
l'bracelet
52%
mérite
52%
Miami
52%
baffes
51%
même
51%
préavis
51%
respecté
51%
boco
50%
poussette
48%
tieks
48%
tue
48%
ait
47%
permis
47%
tient
46%
kitté
44%
crocs
43%
J'vais
43%
j'vais
43%
soir
43%
franco
42%
vers
42%
sortir
41%
y'
41%
coffre
40%
charger
39%
raconte
39%
venue
39%
life
38%
hood
37%
askip
31%
Gouttes
23%
masse
18%
Aucun quiz correspondant
Distribution des résultats
% des personnes avec chaque résultat
Percentile par nombre de réponses
Votre historique - résultats
Vous n’avez pas pris ce quiz